Loading...

A Comprehensive History of India

Bibliographic Details
Main Author: Henry Beveridge
Format: Printed Book
Published: NewDelhi; Associated Publishing House; 1862
Subjects:
LEADER 00640nam a22001457a 4500
082 |a 954  |b HEN/A A 
100 |a Henry Beveridge  |9 308828 
245 |a A Comprehensive History of India 
260 |a NewDelhi;  |b Associated Publishing House;  |c 1862 
300 |a 911p. 
650 |a English; Indian History  |9 308829 
942 |c BK 
999 |c 66372  |d 66372 
952 |0 0  |1 0  |4 0  |6 954_000000000000000_HEN_A_A  |7 0  |8 INDHIS  |9 79083  |a MAL  |b MAL  |d 2016-10-26  |e 17435  |l 0  |o 954 HEN/A A  |p MAL017435  |r 2016-10-26  |t 1  |w 2016-10-26  |y BK 
952 |0 0  |1 0  |4 0  |6 954_000000000000000_HEN_A_A  |7 0  |8 INDHIS  |9 79084  |a MAL  |b MAL  |d 2016-10-27  |e 17436  |l 0  |o 954 HEN/A A  |p MAL017436  |r 2016-10-27  |t 1  |w 2016-10-27  |y BK